000
00334 a2200169 4500
001
59547
020
_a
8508094825
040
_c
Anchieta - Pituba
100
_a
Laidlaw, Jill A.
240
1
0
_a
Frida Kahlo
_l
por
245
1
0
_a
Frida Kahlo
300
_a
48
362
0
_a
2005
440
1
_a
Ática
650
4
_a
Pintura
942
_c
BK
999
_c
59547
_d
59547